| 000 | 00560nam a22001697a 4500 | ||
|---|---|---|---|
| 003 | NUST | ||
| 038 | _aNusrat Nadeem | ||
| 082 | _a200 | ||
| 100 |
_aMalik, Asra _9120144 |
||
| 245 |
_aBaseline Cancellation Technique in Scalable Peak Detectors for Impedance Measurement ICs/ _cAsra Malik |
||
| 264 |
_aIslamabad, _bSEECS NUST, _c2023. |
||
| 300 |
_aill: _b83,p: _c30,cm. |
||
| 650 |
_aMS-Electrical Engineering _923567 |
||
| 700 |
_aSupervisor: Dr. Hammad M. Cheema _996905 |
||
| 856 | _uhttp://10.250.8.41:8080/xmlui/handle/123456789/41821 | ||
| 942 |
_2ddc _cSC |
||
| 999 |
_c607569 _d607569 |
||